000 00401nam a2200145Ia 4500
008 230917s9999||||xx |||||||||||||| ||und||
040 _e124081
_aMAIN
041 _aEnglish
082 _a709.54 M691S
100 _aMisra, R N
245 0 _aSilpa in Indian tradition: concept and instrumentalities
260 _aShimla
_bIndian Institute of Advanced Study
_c2009
300 _a218p. p.
942 _cBK
999 _c145548
_d145548